000
002200000a22000970004500
100
1
_a
Eller, Vernard
245
1
0
_a
Is our peace God's peace?
300
_a
Núm 46 (1995), Páginas 12-15
773
0
_t
Together
942
_c
ANA
999
_c
57216
_d
57216